00387 a2200109 4500001000900000005001700009008004100026245009400067100003100161773007000192999001500262ART_864020260410161557.0260409a 10aLos costos, herramienta básica para medir y evaluar una gestión privada y/o pública1 aRodríguez, Roberto Mario0 tProfesional & Empresariag- Año XII, Nº 137 (feb. 2011)wREV70 c9381d9381